|
|
|
|
| LEADER |
01030nam a22002777i 4500 |
| 001 |
001947557 |
| 003 |
CZ BrMZK |
| 005 |
20250916140101.0 |
| 007 |
ta |
| 008 |
250916s1940 gw a er|||||||||||ger d |
| 040 |
|
|
|a ABA001
|b cze
|c ABA001
|d BOA001
|e rda
|
| 100 |
1 |
|
|a Joos, Georg,
|d 1894-1959
|7 xx0091533
|4 aut
|
| 245 |
1 |
0 |
|a Höhere Mathematik für den Praktiker /
|c neu bearbeitet von G. Joos und Th. Kaluza
|
| 250 |
|
|
|a 2. verbesserte Auflage
|
| 264 |
|
1 |
|a Leipzig :
|b Johann Ambrosius Barth,
|c 1940
|
| 300 |
|
|
|a xii, 368 stran :
|b ilustrace ;
|c 24 cm
|
| 336 |
|
|
|a text
|b txt
|2 rdacontent
|
| 337 |
|
|
|a bez média
|b n
|2 rdamedia
|
| 338 |
|
|
|a svazek
|b nc
|2 rdacarrier
|
| 500 |
|
|
|a Obsahuje rejstřík
|
| 500 |
|
|
|a An Stelle einer 6. Auflage des Lehrbuch der differential- und Integralrechnung von H. A. Lorentz
|
| 700 |
1 |
|
|a Kaluza, Theodor,
|d 1885-1954
|7 xx0091534
|4 edt
|
| 910 |
|
|
|a BOA001
|b 2-0154.087
|
| 990 |
|
|
|a BK
|
| 991 |
|
|
|b 202509
|
| 996 |
6 |
|
|b BC-2601805
|c 2-0154.087
|l MZK
|r Sklad / do 24 hodin
|n 0
|w 002018197
|u 000010
|a 1
|e BOA001
|j MZK50
|s P
|